| 000 | 01173nam a2200253 i 4500 | ||
|---|---|---|---|
| 001 | 156739 | ||
| 003 | ES-MaACL | ||
| 005 | 20250929063223.0 | ||
| 008 | 990701m18831884fr |||| | fre d | ||
| 040 |
_aGA _bspa _cCCPB | 3D |
||
| 100 | 1 |
_aLa Rochefoucauld, François, _cduc de _9138636 |
|
| 245 | 1 | 0 | _aOeuvres complètes de La Rochefoucauld. |
| 250 |
_aNouvelle éd. _b, avec des notices sur la vie de La Rochefoucauld et sur divers ouvrages, un choix de variantes, des notes, une table analytique des matières et un lexique / par A. Chassang. |
||
| 260 |
_aParis : _bGarnier Frères, _c1883-1884 ( _fImprimerie A. Quantin) |
||
| 300 |
_a2 v. (XI, 469 ; VIII, 592 p.) ; _c25 cm. |
||
| 490 | 1 |
_aChefs-d'oeuvre de la littérature française ; _v50-51 |
|
| 505 | 8 | _aContiene : t. I Les mémoires ; Portraits ; Apologie de Marcillac -- t. II Les maximes ; Réflexions diverses ; correspondance | |
| 596 | _aMarca de ed. en port. | ||
| 599 | _aRetr. del autor. | ||
| 700 | 0 |
_aChassang, A. _938159 |
|
| 830 | 0 |
_aChefs-d'oeuvre de la littérature française ; _v50-51 _9221714 |
|
| 852 |
_aES-MaACL _jF-7617-18 _z-- Enc. hol. |
||
| 999 |
_c156739 _d156739 |
||